| 000 | 00614nam a2200193 a 4500 | ||
|---|---|---|---|
| 001 | 000017444 | ||
| 005 | 20200929165120.0 | ||
| 008 | 100324s1995 cu g 000 0 spa d | ||
| 020 | _a9591002114 | ||
| 040 |
_aDO-SdBNP _bspa _cBNPHU |
||
| 082 |
_a782.43 _bO74b |
||
| 100 | 1 |
_aOrovio, Helio _d1938-2008 _938136 |
|
| 245 | 1 | 3 |
_aEl bolero latino / _cHelio Orovio. |
| 260 |
_aLa Habana, Cuba : _bLetras Cubanas, _c1995. |
||
| 300 |
_a117 p. : _bmús. ; _c19 cm. |
||
| 504 | _aBibliografías : p. 59-60 | ||
| 650 | 4 |
_aRomanticismo en la música _zCuba _938137 |
|
| 650 | 4 |
_aMúsica popular _xHistoria y crítica _zCuba _938138 |
|
| 999 |
_c16969 _d16969 |
||